| 000 | 00333nam a2200133Ia 4500 | ||
|---|---|---|---|
| 005 | 20260326235457.0 | ||
| 008 | 260326s9999||||xx |||||||||||||| ||und|| | ||
| 100 | _aDevillers, Christian | ||
| 245 | 0 |
_aLouis I. Kahn / _cChristian Devillers |
|
| 260 | _bEdiciones del Serbal | ||
| 300 | _a199 p. | ||
| 650 | _aARQUITECTOS | ||
| 942 | _cBK | ||
| 999 |
_c7973 _d7973 |
||